LEADER 01352nam a2200253 i 4500 001 000000169714 003 CaOOAMICUS 005 20080403000000.0 008 080403s1973 it u000 u ita u 013 $a147117 040 $aSeMil$bita 100 1 $aRadice, Gianfranco,$d<1924-1993>.$0(OLS)http://semarc/name/3885 245 10$aPio 9. e il decreto «Antonii Rosmini-Serbati opera omnia esse dimittenda» alla luce di nuove ricerche d'archivio /$cGianfranco Radice. 260 $aCittą del Vaticano :$b[s.n.],$c1973. 300 $a102 p. ;$c25 cm. 500 $aEstratto da: «Pio 9.» a. 2, 1973. - In prel.: Dedica autogr. dell'Aut. al Card. Colombo. - Fondo Card. Giovanni Colombo. 650 4$aRosmini Serbati, Antonio - "Questione rosminiana".$0(OLS)http://semarc/subject/19595 650 4$aPio IX - Decreti . Antonii Rosmini Serbati - Commenti.$0(OLS)http://semarc/subject/32319 850 $aSeMil 852 $aSeMil$W1$xVenegono$y1$m2A IV 421$j120622$B120622$CSeMilBibl$Z2$F132861 $81 941 1 $a3 961 $aLascito: Colombo Card. Giovanni 996 $6245$aPio 9. e il decreto «Antonii Rosmini-Serbati opera omnia esse dimittenda» alla luce di nuove ricerche d'archivio$9(OLS)http://semarc/title/242690 996 $6260$aCittą del Vaticano :$b[s.n.]$9(OLS)http://semarc/publisher/29836